WM Sieger - Sudden Death - Statistiken

Allgemein
  • Dieses Quiz wurde 3.209 mal gespielt
    2.766 seit der letzten Aktualisierung
  • Das Durchschnittsergebnis liegt bei 6 aus 8
Answers on the Grid
Answers color-coded by a green-red scale on the quiz's grid according to % correct below.
Uruguay
Italien
(BR) Deutschland
Brasilien
England
Argentinien
Ägypten
Frankreich
Spanien
Jugoslawien
Sowjetunion
DDR
Belgien
Kolumbien
Niederlande
USA
Mexiko
Japan
Türkei
Schweden
Schweiz
Österreich
Griechenland
Portugal
Dänemark
Ungarn
Chile
Rumänien
Schottland
China
 
Antwortstatistiken
Antwort % Korrekt
(BR) Deutschland
79%
Frankreich
79%
Argentinien
78%
Brasilien
78%
Spanien
78%
Italien
77%
England
72%
Uruguay
68%
Keine übereinstimmenden Quizze gefunden
Verteilung der Resultate
Anzahl Personen mit jedem Resultat
Perzentil nach korrekt beantworteten Fragen
Ihre Resultats-Entwicklung
Sie haben dieses Quiz seit der letzten Aktualisierung nicht gespielt